Highest Population Countries by Continent - Statistics

General Stats
  • This quiz has been taken 226 times
    219 since last reset
  • The average score is 9 of 10
Answer Stats
Country % Correct
China
98%
United States
98%
Australia
96%
Brazil
96%
Russia
95%
Nigeria
89%
United Kingdom
85%
Indonesia
79%
Madagascar
79%
Cuba
76%
No matching quizzes found
Score Distribution
Percent of People with Each Score
Percentile by Number Answered
Your Score History
You have not taken this quiz since the last reset